000 00884nam a2200277 i 4500
001 bg
100 1 _aBORYCZKO, Adam
245 1 0 _aMetoda analizy częstotliwościowej nierówności powierzchni toczonych w diagnozowaniu układu obróbkowego /
_cAdam Boryczko ; Politechnika Gdańska.
260 _aGdańsk :
_bWydaw. PG,
_c2003.
300 _a183 s. :
_bil. ;
_c24 cm.
490 1 _aMonografie ;
_v42
500 _aStreszcz ang.
504 _aBibliogr.
650 9 _aInżynieria powierzchni
_xbadanie
_xmetody
650 9 _aSkrawanie
_xnarzędzia i maszyny
_xbadanie
_xmetody
650 9 _aObrabiarki
_xbadanie
_xmetody
710 0 _aPolitechnika Gdańska
830 _aMonografie ;
020 _a8373480714
040 _cBPK
041 0 _apol
_beng
080 _a621.9:621.791/.795
920 _a83-7348-071-4
942 _cKS
008 s pl f |000 0 pol
999 _c45889
_d45889
856 _uhttp://koha.tu.koszalin.pl/cgi-bin/koha/opac-detail.pl?biblionumber=45889
_yKatalog online BPK